| 000 | 01077nam a2200313 a 4500 | ||
|---|---|---|---|
| 001 | 76790 | ||
| 003 | BD-RjUL | ||
| 005 | 20211209082904.0 | ||
| 008 | 200120r19491906enk 000 0deng c | ||
| 035 | _a15-01584 | ||
| 035 | _a(OCoLC)2768302 | ||
| 035 | _a(BD-RjUL)77014 | ||
| 040 |
_aVirginia Poly. Inst. Library _cFXG _dm.c _dSER _dEQO _dBD-RjUL _beng |
||
| 041 | _aeng | ||
| 082 |
_223 _a821.009 _bJOL 1949 |
||
| 100 | 1 |
_aJohnson, Samuel, _d1709-1784. _9237914 |
|
| 245 | 1 | 0 |
_aLives of the English poets / _cBy Samuel Johnson ; with an introduction by Arthur Waugh. |
| 260 |
_aLondon : _bOxford University Press, _c1906 [reprinted 1949] |
||
| 300 |
_a v. ; _c16 cm. |
||
| 490 | 1 |
_aWorld's classics ; _v84 |
|
| 650 | 0 |
_aPoets, English _9237915 |
|
| 650 | 0 |
_aEnglish poetry _yEarly modern, 1500-1700 _xHistory and criticism _9237916 |
|
| 650 | 0 |
_aEnglish poetry _y18th century _xHistory and criticism _9237917 |
|
| 700 | 1 |
_aWaugh, Arthur, _d1866-1943. _9237921 |
|
| 830 | 0 |
_aWorld's classics ; _v84. _9237922 |
|
| 942 |
_2ddc _cBK |
||
| 999 |
_c76790 _d76790 |
||